'S' in Europe Quiz Stats

Quiz Updated Jun 21, 2016

Also try: 'H' in Europe
Challenge
Share
Tweet
Embed
Score 0/16 Timer 05:00
2 Plays Today
Hint Answer % Correct
What country borders Norway to the west and Finland to the east?Sweden
91.9%
Ljubljana is the capital and largest city of what country?Slovenia
87.9%
What is the largest island in the Mediterranean Sea?Sicily
82.1%
Which river rises near Dijon in northeastern France flows through Paris and into the English Channel at Le Havre?Seine
76.8%
Which Spanish city is the capital of its province and of the autonomous community of Andalusia? Seville
70.5%
What enclaved microstate on the Italian Peninsula is located on the northeastern side of the Apennine Mountains?San Marino
68.2%
Which city in Austria is internationally renowned for its baroque architecture and was the birthplace of Mozart?Salzburg
65.6%
Which city is the second largest city in Wales?Swansea
56.5%
Hint Answer % Correct
Which subarctic archipelago of Scotland lies north-east of mainland Britain?Shetland Islands
53%
Which city in South Yorkshire England had an international reputation for steel production in the 19th and 20th centuries?Sheffield
48.2%
Which city is the capital of the state of Baden-W├╝rttemberg in southern Germany?Stuttgart
45.4%
What do the Finns call Finland?Suomi
44.3%
Which city is the capital of the Alsace region in eastern France?Strasbourg
42.6%
Shrewsbury, Worcester, and Gloucester stand on which longest river of the UK?Severn
38.4%
Which river is the longest river in Ireland?Shannon
35.7%
Which port on on the Black Sea coast of the Crimea is the home to the Russian Black Sea fleets?Sevastopol
29.1%

You're not logged in!

Compare scores with friends on all Sporcle quizzes.
Sign Up with Email
OR
Log In

You Might Also Like...

Show Comments

Extras

Top Quizzes Today


Score Distribution

Your Account Isn't Verified!

In order to create a playlist on Sporcle, you need to verify the email address you used during registration. Go to your Sporcle Settings to finish the process.